| 000 | 01705njm a2200385Ia 4500 | ||
|---|---|---|---|
| 001 | 26770 | ||
| 003 | IT-RoPAU | ||
| 005 | 20220918181109.0 | ||
| 008 | 131025s9999 xx 000 0 und d | ||
| 040 | _aIT-RoPAU | ||
| 040 | _cIT-RoPAU | ||
| 041 | _aINGLESE | ||
| 999 |
_c98859 _d98859 |
||
| 999 | _bn.d. | ||
| 100 |
_aEllis Herb _916700 |
||
| 100 |
_eAutore musica _916701 |
||
| 100 |
_gCodice autore musica SPICS: 10088 _916702 |
||
| 245 | _aHot Tracks | ||
| 250 | _a1a ed. | ||
| 260 | _aROMA | ||
| 260 |
_bSPICS RECORDS _c1985 [1a Ed.:1977 - Ed. Lingua Orig.: 1977] |
||
| 300 | _aMUSICASSETTA | ||
| 300 | _c39 minuti (Testo: pag.) | ||
| 500 | _aMusica pop | ||
| 505 | _aSpherikal (Brown Ray Sextet) - But Beautiful (Burke Johnny) - Blues For Minnie - Bones - So's Your Mother (Melvoin Mike) - Squatty Roo (Hogers Johnny) - Sweetbach (Edison Harry-Sweets) | ||
| 650 |
_aPOP [CASSETTE] _eCodice MATERIA SPICS: 9951 _91073 |
||
| 700 |
_aAA.VV. _eAutore _gCodice autore SPICS: 12000 _9799 |
||
| 700 |
_aBrown Ray Sextet _gCodice interprete SPICS: 10092 _eInterprete _916703 |
||
| 700 |
_aBrown Ray Sextet _gCodice autore musica SPICS: 10092 _eAutore musica _pSpherikal - Blues For Minnie _916704 |
||
| 700 |
_aBurke Johnny _gCodice autore musica SPICS: 15743 _eAutore musica _pBut Beautiful _916705 |
||
| 700 |
_aPlas Johnson _gCodice autore musica SPICS: 18846 _eAutore musica _pBones _916706 |
||
| 700 |
_aMelvoin Mike _gCodice autore musica SPICS: 18847 _eAutore musica _pSo's Your Mother _916707 |
||
| 700 |
_aHogers Johnny _gCodice autore musica SPICS: 18848 _eAutore musica _pSquatty Roo _916708 |
||
| 700 |
_aEdison Harry (Sweets) _gCodice autore musica SPICS: 18849 _eAutore musica _pSweetbach _916709 |
||
| 942 |
_cMC _2ddc |
||